Guess my fav TV series #2 - Statistics

General Stats
  • This quiz has been taken 16 times
  • The average score is 6 of 15
Answer Stats
Hint Answer % Correct
Smart boy lives with his mum sister brother dad and mee-maw young Sheldon
75%
Dysfunctional family of adopted siblings with superpowers umbrella academy
67%
Blood splatter analysis secretly takes out human trash dexter
58%
Abandons Hell to run a nightclub in Los Vegas lucifer
58%
Straw Hat Pirates traverse the Grand Line one piece
58%
Pogues vs Kooks outer banks
42%
Son of Greek God goes to camp for half-bloods percy jackson and the olympians
42%
3 siblings are orphaned and nobody takes care of them series of unfortunate events
42%
Firefighting show interlinked with PD and MED universe chicago fire
33%
Hybrid kids are born in the apocalypse and hunted sweet tooth
25%
Bunch of care kids live together dumping ground
17%
British soap based in a school waterloo road
17%
High school girl leads a separate secretive life chilling adventures of sabrina
8%
Boarding school for beings harnessing elemental powers fate the winx saga
8%
Two sisters in the apocalypse - gets bit by a dog resident evil
8%
No matching quizzes found
Score Distribution
Percent of People with Each Score
Percentile by Number Answered
Your Score History
You have not taken this quiz